Feltámadunk [versek] /

Elmentve itt :
Bibliográfiai részletek
Szerző: Kisteleki Ede
Dokumentumtípus: Könyv
Megjelent: Endrényi Imre Könyvnyomda Szeged, Magyarország 1903
Kulcsszavak:Magyar irodalom - vers
Tárgyszavak:
Online Access:http://misc.bibl.u-szeged.hu/57828
LEADER 00674nam a2200193 i 4500
001 misc57828
005 20210519193132.0
008 210519s1903 hu o 0|| hun d
040 |a SZTE Miscellanea Repozitórium  |b hun 
041 |a hun 
100 1 |a Kisteleki Ede 
245 1 0 |a Feltámadunk   |h [elektronikus dokumentum] :  |b [versek] /  |c  Kisteleki Ede 
260 |a Endrényi Imre Könyvnyomda  |b Szeged, Magyarország  |c 1903 
300 |a 63 p.  |c 22 cm 
650 4 |a Bölcsészettudományok 
650 4 |a Nyelvek és irodalom 
650 4 |a Általános irodalomtudományok 
695 |a Magyar irodalom - vers 
856 4 0 |u http://misc.bibl.u-szeged.hu/57828/1/xb_163221.pdf  |z Dokumentum-elérés